00803nam a2200229Ia 4500020001800000082001900018245007500037260002800112300001000140440002700150504003600177650003700213650004100250650005400291650004600345650005000391650005000441700002000491700002200511700002000533700002000553 a0-415-39734-0 a306.60954 REL- 0aReligion and conflict in south and southeast Asia: disrupting violence aLondonbRoutledgec2007 ax,198 aAsian security studies aincludes bibliography and index aVoilencevCongresseszSouth Asia aVoilencevCongresseszSoutheast Asia aReligion and politicsvCongresseszSoutheast Asia aSouth AsiavSocial conditionsvCongresses aSoutheast AsiavCongressesvSocial conditions aReligion and politicsvCongresseszSouth Asia aGanguly, Sumit aSimon, Sheldon W. aScobell, Andrew aCady, Linell E.